Potreba nehmotných zložiek majetku pri začatí podnikania

Vymedzenie nehmotných zložiek majetku. Obchodné meno a jeho základné znaky. Ochranná známka. Domény (doménové meno). Rozdiely a spoločné znaky obchodného mena, ochrannej známky a domény. Opodstatnenie vlastníctva nehmotných zložiek majetku.

Enregistré dans:
Détails bibliographiques
Auteur principal: Križan, Martin
Autres auteurs: Fabian, Peter
Format: Chapitre de livre
Langue:slovaque
Sujets:
Tags: Ajouter un tag
Pas de tags, Soyez le premier à ajouter un tag!

MARC

LEADER 00000naa$a2200000$$$4500
001 0155055
005 20240502072727.7
041 0 |a slo 
044 |a SK 
245 1 0 |a Potreba nehmotných zložiek majetku pri začatí podnikania  |c Martin Križan, Peter Fabian 
520 |a Vymedzenie nehmotných zložiek majetku. Obchodné meno a jeho základné znaky. Ochranná známka. Domény (doménové meno). Rozdiely a spoločné znaky obchodného mena, ochrannej známky a domény. Opodstatnenie vlastníctva nehmotných zložiek majetku. 
610 2 0 |a známky ochranné 
610 2 0 |a meno obchodné 
610 2 0 |a vlastníctvo priemyselné 
610 2 0 |a značky výrobné 
610 2 0 |a majetok nehmotný 
610 2 0 |a podnikanie 
100 1 |a Križan, Martin 
700 1 |a Fabian, Peter